00233nam a2200097 a 4500001000500000005001700005008004100022050001700063100003400080245002100114414020140414131913.0090218s19uu xx 00 eng d aERbW62 2005 aRathakrishnam, Devi Sudarsani aWho is honking?.